| 000 | 00502nam a2200193Ia 4500 | ||
|---|---|---|---|
| 001 | 5452 | ||
| 008 | 140319s9999 xx 000 0 und d | ||
| 020 | _a0-471-62268-0 | ||
| 040 | _cPK-LaUMT | ||
| 082 |
_a 658.409 _bCOH-I |
||
| 100 | _aBradford, David L. | ||
| 245 |
_aInfluence without authority _cBradford, David L.<>Cohen, Allan R. |
||
| 260 |
_aNew York,USA: _bJohn Wiley, _c1990 |
||
| 300 | _a319 p. | ||
| 546 | _aEN | ||
| 650 | _aExecutive ability | ||
| 700 | _aCohen, Allan R. | ||
| 942 | _cBK | ||
| 999 |
_c5495 _d5495 |
||